Methane: its occurrence and hazards in construction. (Record no. 93473)

MARC details
000 -LEADER
fixed length control field 00961cam a2200277 4500
008 - FIXED-LENGTH DATA ELEMENTS--GENERAL INFORMATION
fixed length control field 090401t1993 xxu||||| |||| 00| 0 eng d
020 ## - INTERNATIONAL STANDARD BOOK NUMBER
International Standard Book Number 0860173739
035 ## - SYSTEM CONTROL NUMBER
System control number (Sirsi) u54436
041 ## - LANGUAGE CODE
Language code of text/sound track or separate title eng
050 ## - LIBRARY OF CONGRESS CALL NUMBER
Classification number 614.76
100 ## - MAIN ENTRY--PERSONAL NAME
Personal name Hooker, P.J.
245 ## - TITLE STATEMENT
Title Methane: its occurrence and hazards in construction.
260 ## - PUBLICATION, DISTRIBUTION, ETC.
Place of publication, distribution, etc. London
Name of publisher, distributor, etc. CIRIA
Date of publication, distribution, etc. 1993
300 ## - PHYSICAL DESCRIPTION
Extent 137p. ; 30cm.
350 ## - PRICE (NR) (BK AM CF MU VM SE) [OBSOLETE]
Price 60
490 ## - SERIES STATEMENT
Series statement CIRIA Report
Volume/sequential designation 130
520 ## - SUMMARY, ETC.
Summary, etc. The report, which is the result of a research project carried out by the BGS for CIRIA, provides guidance for construction professionals on the physical and chemical properties of methane and landfill gas and their hazardous characteristics.
650 ## - SUBJECT ADDED ENTRY--TOPICAL TERM
Topical term or geographic name entry element LANDFILL GAS
650 ## - SUBJECT ADDED ENTRY--TOPICAL TERM
Topical term or geographic name entry element METHANE
690 ## - LOCAL SUBJECT ADDED ENTRY--TOPICAL TERM (OCLC, RLIN)
Topical term or geographic name as entry element LAND
700 ## - ADDED ENTRY--PERSONAL NAME
Personal name Bannon, M.P.
710 ## - ADDED ENTRY--CORPORATE NAME
Corporate name or jurisdiction name as entry element Construction Industry Research and Information Association
9 (RLIN) 4810
710 ## - ADDED ENTRY--CORPORATE NAME
Corporate name or jurisdiction name as entry element British Geological Survey
9 (RLIN) 1581
942 ## - ADDED ENTRY ELEMENTS (KOHA)
Suppress in OPAC 0
948 ## - LOCAL PROCESSING INFORMATION (OCLC); SERIES PART DESIGNATOR (RLIN)
c (OCLC) 04/03/1997
Holdings
Withdrawn status Lost status Source of classification or shelving scheme Damaged status Not for loan Home library Current library Shelving location Date acquired Cost, normal purchase price Total Checkouts Full call number Barcode Date last seen Date last checked out Copy number Cost, replacement price Price effective from Koha item type Public note
    Dewey Decimal Classification     London London Folio 10/09/1993 60.00 2 CIRIA REPORTS 30039603 27/02/2024 30/10/2001 1 60.00 06/08/2019 Book Report 130